PropTech and real estate innovations (Record no. 122124)

MARC details
000 -LEADER
fixed length control field 05553nam a2200709 i 4500
001 - CONTROL NUMBER
control field BDZ0054463995
003 - CONTROL NUMBER IDENTIFIER
control field StDuBDS
005 - DATE AND TIME OF LATEST TRANSACTION
control field 20250318131236.0
006 - FIXED-LENGTH DATA ELEMENTS--ADDITIONAL MATERIAL CHARACTERISTICS
fixed length control field m|||||o||d||||||||
007 - PHYSICAL DESCRIPTION FIXED FIELD--GENERAL INFORMATION
fixed length control field cr |||||||||||
008 - FIXED-LENGTH DATA ELEMENTS--GENERAL INFORMATION
fixed length control field 240517s2025 enkab fob 001|0 eng|d
020 ## - INTERNATIONAL STANDARD BOOK NUMBER
International Standard Book Number 9781040028971 (ePub ebook) :
Terms of availability No price
020 ## - INTERNATIONAL STANDARD BOOK NUMBER
International Standard Book Number 9781040028940 (PDF ebook) :
Terms of availability No price
020 ## - INTERNATIONAL STANDARD BOOK NUMBER
International Standard Book Number 9781003262725 (ebook) :
Terms of availability No price
020 ## - INTERNATIONAL STANDARD BOOK NUMBER
Canceled/invalid ISBN 9781032188577 (hbk.) :
Terms of availability 140.00
020 ## - INTERNATIONAL STANDARD BOOK NUMBER
Canceled/invalid ISBN 9781032187136 (pbk.) :
Terms of availability No price
040 ## - CATALOGING SOURCE
Original cataloging agency StDuBDS
Language of cataloging eng
Description conventions rda
-- pn
Transcribing agency StDuBDS
Modifying agency StDuBDSZ
050 #0 - LIBRARY OF CONGRESS CALL NUMBER
Classification number HD1375
Item number .O43 2025
072 #7 - SUBJECT CATEGORY CODE
Subject category code ECO
Source ukslc
072 #7 - SUBJECT CATEGORY CODE
Subject category code KC
Source bicssc
072 #7 - SUBJECT CATEGORY CODE
Subject category code KFFR
Source bicssc
072 #7 - SUBJECT CATEGORY CODE
Subject category code KJE
Source bicssc
072 #7 - SUBJECT CATEGORY CODE
Subject category code KJMV4
Source bicssc
072 #7 - SUBJECT CATEGORY CODE
Subject category code KJMV5
Source bicssc
072 #7 - SUBJECT CATEGORY CODE
Subject category code TJFM
Source bicssc
072 #7 - SUBJECT CATEGORY CODE
Subject category code TNCB
Source bicssc
072 #7 - SUBJECT CATEGORY CODE
Subject category code KC
Source thema
072 #7 - SUBJECT CATEGORY CODE
Subject category code KFFR
Source thema
072 #7 - SUBJECT CATEGORY CODE
Subject category code KJE
Source thema
072 #7 - SUBJECT CATEGORY CODE
Subject category code KJMV4
Source thema
072 #7 - SUBJECT CATEGORY CODE
Subject category code KJMV5
Source thema
072 #7 - SUBJECT CATEGORY CODE
Subject category code TJFM
Source thema
072 #7 - SUBJECT CATEGORY CODE
Subject category code TNCB
Source thema
072 #7 - SUBJECT CATEGORY CODE
Subject category code KFFM
Source thema
072 #7 - SUBJECT CATEGORY CODE
Subject category code KJM
Source thema
072 #7 - SUBJECT CATEGORY CODE
Subject category code TNK
Source thema
072 #7 - SUBJECT CATEGORY CODE
Subject category code KNJ
Source thema
072 #7 - SUBJECT CATEGORY CODE
Subject category code VSH
Source thema
082 04 - DEWEY DECIMAL CLASSIFICATION NUMBER
Classification number 333.33
Edition number 23
100 1# - MAIN ENTRY--PERSONAL NAME
Personal name Oladiran, Olayiwola,
Relator term author.
245 10 - TITLE STATEMENT
Title PropTech and real estate innovations
Remainder of title a guide to digital technologies and solutions in the built environment /
Statement of responsibility, etc. Olayiwola Oladiran and Louisa Dickins.
Medium [electronic resource] :
264 #1 - PRODUCTION, PUBLICATION, DISTRIBUTION, MANUFACTURE, AND COPYRIGHT NOTICE
Place of production, publication, distribution, manufacture London :
Name of producer, publisher, distributor, manufacturer Routledge,
Date of production, publication, distribution, manufacture, or copyright notice 2025.
300 ## - PHYSICAL DESCRIPTION
Extent 1 online resource (xxx, 330 pages) :
Other physical details illustrations (black and white, and colour), maps (colour)
336 ## - CONTENT TYPE
Content type term text
Source rdacontent
336 ## - CONTENT TYPE
Content type term still image
Source rdacontent
336 ## - CONTENT TYPE
Content type term cartographic image
Source rdacontent
337 ## - MEDIA TYPE
Media type term computer
Source rdamedia
338 ## - CARRIER TYPE
Carrier type term online resource
Source rdacarrier
366 ## - TRADE AVAILABILITY INFORMATION
Detailed date of publication 20240822
Availability status code In stock
504 ## - BIBLIOGRAPHY, ETC. NOTE
Bibliography, etc. note Includes bibliographical references and index.
505 0# - FORMATTED CONTENTS NOTE
Formatted contents note Section One: Introduction1.Background and Introduction to PropTech and Innovation in Real Estate2. Digital Technological Tools and Real Estate Applications3. Real Estate Digital Transformation and PropTech Investment and FinanceSection Two: PropTech and Property Innovations across the Real Estate Value Chain4. Digital Technology and Innovation in Planning, Land Management, and Urban Management5. Digital Technology and Innovation in Real Estate Development, Construction, Management, and Maintenance6. Digital Technology and Innovation in Real Estate Funding, Finance, and Investment7. Digital Technology and Innovation in Real Estate Valuation and Appraisal8. Digital Technology and Innovation in Real Estate Brokerage, Agency, Marketing, and Other Allied ServicesSection Three: Prospects and the Future9. Core Stakeholders, Enablers, and Systems of Growth and Development in Real Estate Digital Technology and Innovation10. Summary and Conclusion: The Future Real Estate Digital Technology and Innovation
520 8# - SUMMARY, ETC.
Summary, etc. This textbook serves as a guide to real estate students and educators on the various property innovations and digital technologies that continue to shape the property industry. The advancement of PropTech in the last few decades has led to significant changes in real estate systems, operations, and practice, and this new textbook provides insight on the past, present, and future of PropTech innovations that have spread across the value chain of real estate through planning, development, management, finance, investment, operations, and transactions. The textbook approaches this subject from the real estate components, asset classes, and submarkets and links them to the associated innovations and digital technologies. It concludes by reviewing the role of education, innovation, skill development, and professionalism as major elements of the future of real estate operations and practice.This book's unique contributions are in putting the "property" element at the forefront and then illustrating how technology can enhance the various areas of real estate; the focus on how the different innovations and technologies can enhance the economic, environmental, social, and physical efficiency of real estate; and its coverage of some non-technological innovations like flexible working and more practical areas of real estate innovation such as skills, employability, creativity, and education.It contains 21 case studies and 29 case summaries, which can serve as practice exercises for students. This book will be useful to students in helping them build a knowledge base and understanding of innovation and digital technologies in the industry. Real estate educators can use the textbook as a guide to incorporate real estate innovation and digital technologies into their current teaching and also to develop their real estate curricula through PropTech-related modules and courses where necessary. It will also be valuable to real estate researchers in search of the theoretical and conceptual linkages, as well as industry practitioners who seek insight into the current and future potential of digital technologies and their applications to real estate operations and practice.
588 ## - SOURCE OF DESCRIPTION NOTE
Source of description note Description based on print version record.
650 #0 - SUBJECT ADDED ENTRY--TOPICAL TERM
Topical term or geographic name entry element EBOOK
650 #0 - SUBJECT ADDED ENTRY--TOPICAL TERM
Topical term or geographic name entry element REAL ESTATE
650 #7 - SUBJECT ADDED ENTRY--TOPICAL TERM
Topical term or geographic name entry element PROPTECH
650 #7 - SUBJECT ADDED ENTRY--TOPICAL TERM
Topical term or geographic name entry element TECHNOLOGY
700 1# - ADDED ENTRY--PERSONAL NAME
Personal name Dickins, Louisa,
Relator term author.
776 08 - ADDITIONAL PHYSICAL FORM ENTRY
Relationship information Print version :
International Standard Book Number 9781032188577
856 40 - ELECTRONIC LOCATION AND ACCESS
Uniform Resource Identifier <a href="https://www.vlebooks.com/product/openreader?id=RICS&accId=9491556&isbn=9781040028971">https://www.vlebooks.com/product/openreader?id=RICS&accId=9491556&isbn=9781040028971</a>
Public note Available on VLeBooks (email [email protected] if you do not have a login)
942 ## - ADDED ENTRY ELEMENTS (KOHA)
Source of classification or shelving scheme Dewey Decimal Classification
Holdings
Withdrawn status Lost status Damaged status Not for loan Home library Current library Shelving location Date acquired Total Checkouts Full call number Date last seen Price effective from Koha item type
        Virtual Virtual Online 18/03/2025   EBOOK 18/03/2025 18/03/2025 Book